| 000 | 00573nam a2200193 a 4500 | ||
|---|---|---|---|
| 001 | 1239 | ||
| 005 | 20140414131926.0 | ||
| 008 | 041111s19uu xx 00 eng d | ||
| 020 | _a0-307-00069-9 | ||
| 050 |
_aER _bP93 1990 |
||
| 100 | _aManushkin, Fran | ||
| 245 |
_aPrince and the pauper, The / _cadapted by Fran Manushkin ; illustrated by Russell Schroeder and Don Williams. |
||
| 260 |
_aNew York, _c1990. |
||
| 300 | _a1 v. p. : ill. ; cm. | ||
| 440 | _aWalt Disney Pictures presents | ||
| 650 | _aFairy tales. | ||
| 650 | _aChildren stories. | ||
| 999 |
_c112010 _d112010 |
||